<?xml version="1.0" encoding="UTF-8"?>
<record
    xmlns:xsi="http://www.w3.org/2001/XMLSchema-instance"
    xsi:schemaLocation="http://www.loc.gov/MARC21/slim http://www.loc.gov/standards/marcxml/schema/MARC21slim.xsd"
    xmlns="http://www.loc.gov/MARC21/slim">

  <leader>00207nam a2200085   4500</leader>
  <controlfield tag="001">1258752</controlfield>
  <controlfield tag="005">20260326110447.0</controlfield>
  <datafield tag="245" ind1=" " ind2=" ">
    <subfield code="a">MASALLARLA &#xC7;OCUK E&#x11E;&#x130;T&#x130;M&#x130;</subfield>
    <subfield code="c">GERL&#x130;NDE ORTNER</subfield>
  </datafield>
  <datafield tag="260" ind1=" " ind2=" ">
    <subfield code="b">S&#x130;STEM YAYINCILIK</subfield>
  </datafield>
  <datafield tag="999" ind1=" " ind2=" ">
    <subfield code="c">1258752</subfield>
    <subfield code="d">1258752</subfield>
  </datafield>
  <datafield tag="952" ind1=" " ind2=" ">
    <subfield code="0">0</subfield>
    <subfield code="1">0</subfield>
    <subfield code="2">ddc</subfield>
    <subfield code="4">0</subfield>
    <subfield code="7">0</subfield>
    <subfield code="a">1062</subfield>
    <subfield code="b">1062</subfield>
    <subfield code="d">2026-03-26</subfield>
    <subfield code="l">0</subfield>
    <subfield code="o">L3</subfield>
    <subfield code="p">10629425</subfield>
    <subfield code="r">2026-03-26 11:05:12</subfield>
    <subfield code="w">2026-03-26</subfield>
    <subfield code="y">BK</subfield>
  </datafield>
</record>
